000 00615nam a22001817a 4500
005 20150203122036.0
008 150203b xxu||||| |||| 00| 0 eng d
022 _a0970-2555
040 _adpl
082 _a620.11
245 _aIndustrial engineering journal
260 _aNavi Mumbai
_bIndustrial Engineering Journal
300 _av.
_c28cm.
310 _aMonthly
530 _aOnline version available.
270 _aIIIE Bhavan,Plot No.103,Sector 15,CBD Belapur,Navi Mumbai
_bMumbai
_dIndia
_miiiejournal@gmail.com
_e400614
_k022-27579412
_l022-27578526
_zwww.iiie.india.com
942 _2ddc
_cSR
_s1
_k620.11
_mIEJ
999 _c91164
_d91164